000 005940000a22001930004500
001 768714001
003 CO-MdFUSB
005 20170613091632.0
008 170613s2005 cr ||||| |||| 00| 0 spa d
022 _a1659-0074
040 _aCO-MdFUSB
_bspa
_cCO-MdFUSB
_dCO-MdFUSB
041 _aspa
100 1 _aCollard Miller, Kathy
_eautor
245 1 0 _a¡Cautive a su audiencia!
300 _aVolumen 2. Número 4 (2005), Página 20
_c 27 cm.
546 _aTexto en español
773 0 _tApuntes Mujer Líder
_049442
_960139
_gVolumen 2. Número 4 (2005), Página 20
_qPágina 20
942 _cANA
999 _c60942
_d60942